[Event "Andorra open"]
[Site "Escaldes"]
[Date "2018.07.21"]
[Round "1.1"]
[White "Fedorchuk, Sergey A"]
[Black "Baquedano Coarasa, Pablo"]
[Result "1-0"]
[WhiteElo "2626"]
[BlackElo "2055"]
[PlyCount "61"]
[EventDate "2018.07.21"]
[EventType "swiss"]
[EventCountry "AND"]

1. e4 {[%emt 3:52:47]} c5 2. Nf3 d6 3. d4 cxd4 4. Nxd4 Nf6 5. Nc3 a6 6. a4 e5
7. Nf3 Be7 8. Bc4 O-O 9. O-O Be6 10. Qe2 h6 11. Be3 Qc7 12. Bb3 Qd8 13. Bc4 {
[%emt 0:00:04]} Qc7 14. Bb3 {[%emt 0:01:41]} b6 {[%emt 0:08:58]} 15. Rfd1 {
[%emt 0:17:21]} Nbd7 {[%emt 0:03:45]} 16. Nh4 {[%emt 0:27:18]} Rfd8 17. Qf3 {
[%emt 0:05:10]} Bxb3 {[%emt 0:16:08]} 18. cxb3 {[%emt 0:00:52]} Bf8 {[%emt 0:
00:55]} 19. Nf5 {[%emt 0:00:25]} Kh7 {[%emt 0:00:15]} 20. Rac1 {[%emt 0:01:22]}
Qb8 {[%emt 0:02:37]} 21. g4 {[%emt 0:02:08]} g6 {[%emt 0:06:49]} 22. g5 {
[%emt 0:02:03]} Ng8 {[%emt 0:14:09]} 23. Nxd6 {[%emt 0:03:18]} Bxd6 {[%emt 0:
04:00]} 24. Qxf7+ {[%emt 0:00:21]} Kh8 {[%emt 0:00:05]} 25. gxh6 {[%emt 0:00:
14]} Bf8 26. Rxd7 Rxd7 27. Qxd7 Ra7 28. Qe6 Bxh6 29. Bxh6 Nxh6 30. Nd5 Kh7 31.
Rc6 1-0

[Event "Andorra open"]
[Site "Escaldes"]
[Date "2018.07.21"]
[Round "1.2"]
[White "Van Veenendaal, Elmer"]
[Black "Lagarde, Maxime"]
[Result "0-1"]
[WhiteElo "2028"]
[BlackElo "2615"]
[PlyCount "130"]
[EventDate "2018.07.21"]
[EventType "swiss"]
[EventCountry "AND"]

1. d4 {[%emt 3:52:49]} Nf6 2. Nf3 g6 3. c4 Bg7 4. Nc3 O-O 5. Bf4 d6 6. e3 Nc6
7. h3 Nd7 8. Be2 e5 9. Bg5 {[%emt 0:00:02]} f6 10. Bh4 g5 11. Bg3 {[%emt 0:05:
04]} f5 {[%emt 0:00:09]} 12. d5 {[%emt 0:08:48]} Ncb8 {[%emt 0:02:03]} 13. e4 {
[%emt 0:05:48]} f4 {[%emt 0:00:08]} 14. Bh2 {[%emt 0:00:28]} h6 {[%emt 0:00:10]
} 15. Nd2 {[%emt 0:03:56]} Nf6 {[%emt 0:00:04]} 16. b4 {[%emt 0:08:25]} Nbd7 {
[%emt 0:01:25]} 17. g4 {[%emt 0:22:33]} Rf7 18. f3 Nf8 19. Nb3 Ng6 20. Bg1 Bf8
21. Rc1 h5 {[%emt 0:00:03]} 22. Qc2 Rh7 {[%emt 0:03:00]} 23. Rh2 {[%emt 0:01:
26]} Bd7 {[%emt 0:00:22]} 24. c5 {[%emt 0:02:15]} c6 {[%emt 0:00:54]} 25. Bc4 {
[%emt 0:04:02]} Kh8 {[%emt 0:00:36]} 26. dxc6 {[%emt 0:03:45]} bxc6 {[%emt 0:
00:05]} 27. Rd1 {[%emt 0:02:29]} Nh4 {[%emt 0:00:47]} 28. Rd3 {[%emt 0:02:59]}
Qb8 {[%emt 0:11:12]} 29. a3 {[%emt 0:02:24]} a5 {[%emt 0:00:50]} 30. bxa5 {
[%emt 0:00:38]} d5 {[%emt 0:06:09]} 31. exd5 {[%emt 0:01:30]} e4 {[%emt 0:01:
14]} 32. Nxe4 {[%emt 0:01:53]} Nxe4 {[%emt 0:01:05]} 33. Bd4+ {[%emt 0:00:55]}
Bg7 {[%emt 0:00:29]} 34. Bxg7+ {[%emt 0:00:26]} Rxg7 {[%emt 0:00:53]} 35. fxe4
{[%emt 0:00:26]} hxg4 {[%emt 0:05:20]} 36. hxg4 {[%emt 0:00:39]} Qe5 {[%emt 0:
00:04]} 37. Kd2 {[%emt 0:01:23]} Bxg4 {[%emt 0:40:32]} 38. Kc1 Qxe4 39. d6 f3
40. Qd2 Qxc4+ 41. Kb2 Qe6 42. Re3 Qf6+ 43. Qd4 Rf8 44. Rf2 Ra7 {[%emt 0:05:16]}
45. Re7 {[%emt 0:08:14]} Qxd4+ {[%emt 0:03:47]} 46. Nxd4 {[%emt 0:00:09]} Rxa5
{[%emt 0:02:23]} 47. d7 {[%emt 0:06:04]} Ng6 {[%emt 0:00:12]} 48. Rf7 {[%emt 0:
01:55]} Raa8 {[%emt 0:01:43]} 49. Rxf8+ {[%emt 0:00:33]} Nxf8 {[%emt 0:02:45]}
50. Nxf3 {[%emt 0:00:28]} Bxf3 {[%emt 0:00:23]} 51. Rxf3 Nxd7 {[%emt 0:00:06]}
52. Rf5 {[%emt 0:01:03]} Rg8 {[%emt 0:00:04]} 53. Kc3 {[%emt 0:00:31]} g4 {
[%emt 0:00:06]} 54. Kd4 {[%emt 0:00:13]} g3 {[%emt 0:00:31]} 55. Rf1 {[%emt 0:
00:46]} g2 {[%emt 0:00:08]} 56. Rg1 Rg4+ {[%emt 0:00:31]} 57. Ke3 {[%emt 0:00:
25]} Nxc5 {[%emt 0:00:08]} 58. Kf3 {[%emt 0:00:27]} Rg6 {[%emt 0:00:04]} 59.
Rxg2 {[%emt 0:01:05]} Rxg2 {[%emt 0:00:04]} 60. Kxg2 {[%emt 0:00:05]} Kg7 {
[%emt 0:00:03]} 61. Kf3 {[%emt 0:00:39]} Kf6 {[%emt 0:00:05]} 62. Kf4 {[%emt 0:
00:43]} Ke6 {[%emt 0:00:06]} 63. Kg5 {[%emt 0:00:38]} Kd5 {[%emt 0:00:07]} 64.
Kf5 {[%emt 0:00:05]} Na4 {[%emt 0:00:05]} 65. Kf4 {[%emt 0:00:33]} c5 {[%emt 0:
00:04]} 0-1

[Event "Andorra open"]
[Site "Escaldes"]
[Date "2018.07.21"]
[Round "1.3"]
[White "Postny, Evgeny"]
[Black "Guerra Reig, Juan"]
[Result "1-0"]
[WhiteElo "2585"]
[BlackElo "2005"]
[PlyCount "81"]
[EventDate "2018.07.21"]
[EventType "swiss"]
[EventCountry "AND"]

1. d4 {[%emt 3:52:49]} d5 2. c4 e6 3. Nf3 Nf6 4. g3 Nbd7 5. Bg2 b6 6. cxd5 exd5
7. O-O Bb7 8. Nc3 Be7 9. Bf4 Nh5 10. Be5 f6 {[%emt 0:00:02]} 11. Bf4 Nxf4 12.
gxf4 Bb4 {[%emt 0:21:04]} 13. Qb3 {[%emt 0:01:47]} Bxc3 {[%emt 0:00:40]} 14.
bxc3 {[%emt 0:01:25]} Qe7 {[%emt 0:01:16]} 15. c4 {[%emt 0:05:19]} Qd6 {
[%emt 0:08:35]} 16. Rfc1 {[%emt 0:18:56]} c5 17. Qe3+ Kf7 {[%emt 0:01:53]} 18.
cxd5 {[%emt 0:03:33]} Rhe8 {[%emt 0:07:13]} 19. Qd2 {[%emt 0:01:18]} Rac8 {
[%emt 0:08:46]} 20. dxc5 {[%emt 0:13:42]} Rxc5 {[%emt 0:05:41]} 21. Nd4 {
[%emt 0:01:55]} Rxc1+ {[%emt 0:03:25]} 22. Rxc1 {[%emt 0:00:16]} Nc5 {[%emt 0:
00:19]} 23. Ne6 {[%emt 0:01:56]} Kg8 {[%emt 0:01:45]} 24. Nxc5 {[%emt 0:03:33]}
bxc5 {[%emt 0:00:43]} 25. Rc3 {[%emt 0:01:44]} Ba6 {[%emt 0:03:08]} 26. e3 {
[%emt 0:00:45]} Rb8 {[%emt 0:39:09]} 27. Rb3 Rb6 28. h3 c4 29. Rxb6 axb6 30.
Qd4 b5 31. a3 g6 32. e4 Qxf4 33. d6 Qc1+ 34. Bf1 Bc8 35. Qd5+ Kg7 36. d7 {
[%emt 0:04:00]} Bxd7 {[%emt 0:00:08]} 37. Qxd7+ {[%emt 0:00:05]} Kh6 {[%emt 0:
00:33]} 38. Kg2 {[%emt 0:04:26]} c3 {[%emt 0:00:14]} 39. Bd3 {[%emt 0:02:14]}
Qd2 {[%emt 0:01:07]} 40. Qd6 {[%emt 0:02:41]} c2 {[%emt 0:00:29]} 41. Qf8+ {
[%emt 0:00:06]} 1-0

[Event "Andorra open"]
[Site "Escaldes"]
[Date "2018.07.21"]
[Round "1.4"]
[White "Medeiros, Thauane Ferreira"]
[Black "Shabalov, Alexander"]
[Result "0-1"]
[WhiteElo "2005"]
[BlackElo "2567"]
[PlyCount "64"]
[EventDate "2018.07.21"]
[EventType "swiss"]
[EventCountry "AND"]

1. d4 Nf6 2. Bg5 d5 3. Bxf6 gxf6 4. e3 c5 5. Nc3 cxd4 6. Qxd4 e6 7. O-O-O Nc6
8. Bb5 a6 9. Bxc6+ bxc6 10. Nge2 Rb8 11. Rd2 Qb6 {[%emt 0:00:02]} 12. Qxb6 {
[%emt 0:19:18]} Rxb6 {[%emt 0:01:10]} 13. Rhd1 {[%emt 0:00:13]} h5 {[%emt 0:04:
51]} 14. h4 {[%emt 0:01:45]} e5 {[%emt 0:01:09]} 15. Ne4 {[%emt 0:30:37]} Be7 {
[%emt 0:00:24]} 16. N4c3 {[%emt 0:03:12]} Rg8 {[%emt 0:00:55]} 17. g3 {[%emt 0:
03:10]} Bg4 {[%emt 0:02:22]} 18. Re1 {[%emt 0:00:20]} Kd7 {[%emt 0:09:25]} 19.
Nd1 {[%emt 0:02:14]} Rgb8 {[%emt 0:03:00]} 20. Rd3 {[%emt 0:00:45]} Bb4 {
[%emt 0:02:40]} 21. c3 {[%emt 0:00:11]} Bd6 {[%emt 0:00:14]} 22. b3 {[%emt 0:
03:33]} Ba3+ {[%emt 0:05:56]} 23. Nb2 {[%emt 0:00:06]} Ke6 {[%emt 0:00:21]} 24.
Ng1 {[%emt 0:13:55]} c5 {[%emt 0:01:22]} 25. f3 {[%emt 0:06:48]} c4 {[%emt 0:
00:07]} 26. Rd2 {[%emt 0:00:09]} cxb3 {[%emt 0:00:33]} 27. axb3 {[%emt 0:00:10]
} Rxb3 28. Ree2 Bf5 29. e4 dxe4 30. fxe4 Bg4 31. Rf2 Rxc3+ 32. Kb1 Rxg3 0-1

[Event "Andorra open"]
[Site "Escaldes"]
[Date "2018.07.21"]
[Round "1.5"]
[White "Kunin, Vitaly"]
[Black "Diaz Munoz, Sergi"]
[Result "1-0"]
[WhiteElo "2538"]
[BlackElo "1990"]
[PlyCount "77"]
[EventDate "2018.07.21"]
[EventType "swiss"]
[EventCountry "AND"]

1. d4 {[%emt 3:52:49]} f5 2. Nc3 Nf6 3. Bg5 g6 4. Bxf6 exf6 5. e3 d5 6. Bd3 c6
7. h4 Bd6 8. Qf3 Be6 9. h5 Kf7 10. Nh3 Kg7 11. Nf4 {[%emt 0:00:02]} Bf7 {
[%emt 0:06:46]} 12. O-O-O {[%emt 0:04:30]} Na6 {[%emt 0:04:56]} 13. hxg6 {
[%emt 0:04:01]} hxg6 {[%emt 0:00:51]} 14. g4 {[%emt 0:00:50]} fxg4 {[%emt 0:03:
37]} 15. Qxg4 {[%emt 0:00:13]} Qc8 {[%emt 0:00:49]} 16. Bf5 {[%emt 0:04:01]}
Qxf5 {[%emt 0:06:17]} 17. Qxf5 {[%emt 0:00:16]} gxf5 {[%emt 0:02:27]} 18. Rdg1+
{[%emt 0:00:10]} Bg6 {[%emt 0:00:32]} 19. Rxh8 Kxh8 20. Nxg6+ Kh7 21. Nh4 f4
22. Nf5 Bf8 {[%emt 0:12:48]} 23. Ne2 {[%emt 0:00:30]} fxe3 {[%emt 0:00:30]} 24.
fxe3 {[%emt 0:00:09]} Nc7 {[%emt 0:00:56]} 25. Nf4 {[%emt 0:00:13]} Re8 {
[%emt 0:07:45]} 26. Kd2 {[%emt 0:04:57]} Re4 {[%emt 0:05:03]} 27. Rh1+ {
[%emt 0:10:06]} Kg8 {[%emt 0:00:07]} 28. Ng6 {[%emt 0:00:20]} Bg7 {[%emt 0:07:
01]} 29. Rg1 {[%emt 0:04:51]} Ne8 {[%emt 0:01:01]} 30. Kd3 {[%emt 0:01:32]} Kf7
{[%emt 0:00:52]} 31. c4 {[%emt 0:01:25]} Re6 32. Nf4 dxc4+ 33. Kxc4 Nd6+ 34.
Kd3 Nxf5 35. Nxe6 Kxe6 36. e4 Bf8 37. exf5+ Kxf5 38. Rg8 Be7 39. Ra8 1-0

[Event "Andorra open"]
[Site "Escaldes"]
[Date "2018.07.21"]
[Round "1.6"]
[White "Guyader, Thierry"]
[Black "Del Rio De Angelis, Salvador G"]
[Result "0-1"]
[WhiteElo "1990"]
[BlackElo "2525"]
[PlyCount "80"]
[EventDate "2018.07.21"]
[EventType "swiss"]
[EventCountry "AND"]

1. e4 {[%emt 5:22:08]} d6 2. d4 Nf6 3. Nc3 g6 4. f4 Bg7 5. Nf3 O-O 6. Bd3 Na6
7. O-O c5 8. d5 Rb8 9. a4 Nb4 10. Bc4 e6 11. dxe6 {[%emt 0:03:50]} Bxe6 {
[%emt 0:00:06]} 12. Bxe6 {[%emt 0:00:42]} fxe6 {[%emt 0:00:06]} 13. Qe2 {
[%emt 0:03:05]} d5 {[%emt 0:01:57]} 14. e5 {[%emt 0:02:42]} Ne8 {[%emt 0:01:33]
} 15. Nd1 {[%emt 0:08:05]} Qb6 {[%emt 0:04:29]} 16. c3 {[%emt 0:03:26]} Qa6 {
[%emt 0:00:07]} 17. Qxa6 {[%emt 0:01:47]} Nxa6 {[%emt 0:00:06]} 18. Be3 {
[%emt 0:04:01]} Nec7 {[%emt 0:00:22]} 19. g3 {[%emt 0:22:41]} Rfd8 20. Nf2 Bf8
21. a5 {[%emt 0:05:46]} Be7 {[%emt 0:01:48]} 22. Rfb1 {[%emt 0:03:32]} Rbc8 {
[%emt 0:01:55]} 23. Rd1 {[%emt 0:01:29]} Nb8 {[%emt 0:00:50]} 24. Nd3 {[%emt 0:
01:52]} Nca6 {[%emt 0:04:20]} 25. Nc1 {[%emt 0:06:16]} Nc6 {[%emt 0:00:55]} 26.
Nb3 {[%emt 0:01:01]} Rb8 {[%emt 0:02:03]} 27. Rd2 {[%emt 0:00:40]} Rd7 {
[%emt 0:03:22]} 28. g4 {[%emt 0:03:17]} Rf8 {[%emt 0:02:20]} 29. Kg2 {[%emt 0:
00:36]} h6 {[%emt 0:04:34]} 30. Kg3 {[%emt 0:00:45]} g5 {[%emt 0:00:57]} 31.
Re1 {[%emt 0:02:07]} gxf4+ {[%emt 0:02:47]} 32. Bxf4 {[%emt 0:00:12]} Kh7 {
[%emt 0:00:07]} 33. Be3 {[%emt 0:01:05]} b5 {[%emt 0:02:15]} 34. axb6 {[%emt 0:
00:17]} axb6 {[%emt 0:00:05]} 35. h4 {[%emt 0:00:29]} Bd8 {[%emt 0:00:21]} 36.
Ra1 {[%emt 0:00:59]} Nab8 {[%emt 0:00:19]} 37. g5 {[%emt 0:00:24]} h5 {[%emt 0:
00:56]} 38. g6+ Kxg6 39. Rg1 Kh7 40. Kf2 Nxe5 0-1

[Event "Andorra open"]
[Site "Escaldes"]
[Date "2018.07.21"]
[Round "1.7"]
[White "Demuth, Adrien"]
[Black "Aizpurua Blanco, Juan Antonio"]
[Result "1-0"]
[WhiteElo "2524"]
[BlackElo "1963"]
[PlyCount "67"]
[EventDate "2018.07.21"]
[EventType "swiss"]
[EventCountry "AND"]

1. Nf3 {[%emt 5:22:08]} Nf6 2. g3 d5 3. Bg2 e6 4. O-O Be7 5. c4 c6 6. b3 O-O 7.
Bb2 Nbd7 8. e3 b5 9. Qc2 Ba6 {[%emt 0:00:03]} 10. d3 {[%emt 0:00:05]} Qb6 {
[%emt 0:05:33]} 11. Nbd2 {[%emt 0:01:46]} Rac8 {[%emt 0:07:30]} 12. e4 {
[%emt 0:15:03]} Rfd8 {[%emt 0:29:02]} 13. Rab1 Qa5 14. a3 {[%emt 0:02:43]} dxe4
{[%emt 0:06:36]} 15. dxe4 {[%emt 0:01:09]} c5 {[%emt 0:08:52]} 16. e5 {[%emt 0:
11:29]} Ne8 {[%emt 0:00:31]} 17. h4 {[%emt 0:00:29]} bxc4 {[%emt 0:02:42]} 18.
Nxc4 {[%emt 0:05:19]} Bxc4 {[%emt 0:00:45]} 19. Qxc4 {[%emt 0:02:15]} Nc7 {
[%emt 0:02:31]} 20. Bc1 {[%emt 0:08:08]} Qb5 {[%emt 0:03:18]} 21. Qc2 {[%emt 0:
44:00]} Nf8 22. Bg5 Bxg5 23. Nxg5 Qd3 24. Qxd3 Rxd3 25. Rfc1 Nd5 26. Bf1 Rd2
27. Ne4 Ra2 28. b4 Rxa3 29. bxc5 Nd7 30. Nd6 Rf8 31. c6 N7b6 32. c7 Nc8 33.
Nxc8 Rxc8 34. Rb8 1-0

[Event "Andorra open"]
[Site "Escaldes"]
[Date "2018.07.21"]
[Round "1.8"]
[White "Castellanos Bogalo, Antonio"]
[Black "Repka, Christopher"]
[Result "0-1"]
[WhiteElo "1943"]
[BlackElo "2519"]
[PlyCount "92"]
[EventDate "2018.07.21"]
[EventType "swiss"]
[EventCountry "AND"]

1. e4 {[%emt 3:52:49]} g6 2. d4 Bg7 3. h4 c5 4. c3 cxd4 5. h5 dxc3 6. Nxc3 Nc6
7. Nf3 d6 8. Bc4 Bxc3+ 9. bxc3 Qa5 10. Qb3 {[%emt 0:01:20]} e6 {[%emt 0:11:34]}
11. hxg6 {[%emt 0:05:21]} fxg6 {[%emt 0:00:04]} 12. Bxe6 {[%emt 0:07:33]} Bxe6
{[%emt 0:00:26]} 13. Qxe6+ {[%emt 0:00:08]} Nge7 {[%emt 0:00:02]} 14. Bd2 {
[%emt 0:01:21]} Ne5 {[%emt 0:00:28]} 15. Rh3 {[%emt 0:30:46]} Nxf3+ 16. Rxf3
Qe5 17. Qf7+ {[%emt 0:00:29]} Kd7 {[%emt 0:00:05]} 18. Bf4 {[%emt 0:01:29]} Qe6
{[%emt 0:05:41]} 19. Qg7 {[%emt 0:07:29]} Rhg8 {[%emt 0:13:13]} 20. Qd4 {
[%emt 0:02:32]} Nc6 {[%emt 0:00:10]} 21. Qd3 {[%emt 0:00:39]} Rad8 {[%emt 0:00:
31]} 22. Rd1 {[%emt 0:05:06]} Kc8 {[%emt 0:02:15]} 23. Qd5 {[%emt 0:05:27]}
Rge8 {[%emt 0:01:01]} 24. Qxe6+ {[%emt 0:01:49]} Rxe6 {[%emt 0:00:05]} 25. Re3
{[%emt 0:00:48]} Na5 {[%emt 0:01:27]} 26. Rd4 {[%emt 0:00:36]} b5 {[%emt 0:03:
00]} 27. f3 {[%emt 0:01:16]} Kb7 {[%emt 0:00:29]} 28. Red3 {[%emt 0:01:09]} Kc6
{[%emt 0:00:05]} 29. a4 {[%emt 0:00:40]} a6 {[%emt 0:00:11]} 30. axb5+ {
[%emt 0:00:56]} axb5 {[%emt 0:00:05]} 31. Kf2 {[%emt 0:01:32]} Nc4 {[%emt 0:01:
04]} 32. Rd1 {[%emt 0:39:28]} Ra8 33. Rd5 Ra2+ 34. Kg1 Rf6 35. Bg5 Rf7 36. Rb1
Rb7 37. Bf4 Rb6 38. Kh2 Rc2 39. Rb3 Rb8 40. Kh3 h6 41. Rd3 g5 42. Bh2 h5 43.
Bg3 {[%emt 0:06:44]} g4+ {[%emt 0:05:41]} 44. Kh4 {[%emt 0:10:29]} Rxg2 {
[%emt 0:00:53]} 45. f4 {[%emt 0:00:04]} Nd2 {[%emt 0:00:50]} 46. Ra3 {[%emt 0:
01:22]} Nxe4 {[%emt 0:01:28]} 0-1

[Event "Andorra open"]
[Site "Escaldes"]
[Date "2018.07.21"]
[Round "1.9"]
[White "Arizmendi Martinez, Julen Luis"]
[Black "Dubois, Marie"]
[Result "1-0"]
[WhiteElo "2507"]
[BlackElo "1935"]
[PlyCount "61"]
[EventDate "2018.07.21"]
[EventType "swiss"]
[EventCountry "AND"]

1. d4 Nf6 2. c4 g6 3. Nc3 Bg7 4. e4 d6 5. Be2 O-O 6. Bg5 h6 7. Be3 e5 8. d5
Nbd7 9. g4 Nc5 10. f3 a5 11. h4 Nfd7 12. Qd2 Kh7 13. h5 g5 14. Nb5 b6 15. Bd1
a4 16. Ne2 Nb8 17. Ng3 Qe7 18. Bc2 Rd8 19. Kf2 Bf6 20. b4 axb3 21. axb3 Rxa1
22. Rxa1 Nca6 23. b4 Bd7 24. Na7 Bh8 25. Kg2 Qe8 26. Bd3 f5 27. gxf5 Qg8 28. c5
bxc5 29. Bxa6 Nxa6 30. Rxa6 cxb4 31. Nc6 1-0

[Event "Andorra open"]
[Site "Escaldes"]
[Date "2018.07.21"]
[Round "1.10"]
[White "Ruane, Ciaran"]
[Black "Smith, Axel"]
[Result "0-1"]
[WhiteElo "1933"]
[BlackElo "2491"]
[PlyCount "62"]
[EventDate "2018.07.21"]
[EventType "swiss"]
[EventCountry "AND"]

1. e4 c5 2. Nf3 e6 3. d4 cxd4 4. Nxd4 Nf6 5. Nc3 d6 6. Bg5 Be7 7. Qd2 a6 8. Be2
b5 9. a3 Bb7 10. Bf3 Qc7 11. O-O Nbd7 12. Rfe1 O-O 13. Rad1 Ne5 14. Be2 Nxe4
15. Nxe4 Bxe4 16. Bxe7 Qxe7 17. f4 Ng6 18. Bxb5 Bxg2 19. Qxg2 axb5 20. Nxb5 d5
21. f5 Nh4 22. Qg4 Qc5+ 23. Kh1 Nxf5 24. Qe2 Rfb8 25. Nc3 Rxb2 26. Rd3 d4 27.
Ne4 Qc6 28. Rd2 Rxa3 29. Kg1 Re3 30. Rxd4 Qb6 31. Qd1 Rxe1+ 0-1

[Event "Andorra open"]
[Site "Escaldes"]
[Date "2018.07.21"]
[Round "1.11"]
[White "Admiraal, Miguoel"]
[Black "Juarez Manzano, Juan"]
[Result "1-0"]
[WhiteElo "2479"]
[BlackElo "1917"]
[PlyCount "35"]
[EventDate "2018.07.21"]
[EventType "swiss"]
[EventCountry "AND"]

1. d4 Nf6 2. Bg5 d5 3. e3 Ne4 4. Bf4 g5 5. Be5 Nf6 6. Bxf6 exf6 7. Bd3 h5 8.
Nd2 Nc6 9. c3 Bg7 10. h4 Bg4 11. Qc2 Qe7 12. Ne2 O-O-O 13. O-O-O Bxe2 14. Bxe2
g4 15. Nf1 Qe4 16. Qxe4 dxe4 17. Ng3 Rde8 18. Nxh5 1-0

[Event "Andorra open"]
[Site "Escaldes"]
[Date "2018.07.21"]
[Round "1.12"]
[White "Urena Casacuberta, Lluis"]
[Black "Nayhebaver, Martin"]
[Result "0-1"]
[WhiteElo "1912"]
[BlackElo "2478"]
[PlyCount "54"]
[EventDate "2018.07.21"]
[EventType "swiss"]
[EventCountry "AND"]

1. e4 c5 2. Nf3 d6 3. c3 Nf6 4. Be2 g6 5. O-O Bg7 6. d3 O-O 7. Nbd2 Nc6 8. d4
e5 9. d5 Ne7 10. a4 Nh5 11. Bd3 Nf4 12. Bc2 f5 13. Nc4 fxe4 14. Bxe4 Kh8 15.
Ne3 Bf5 16. Ng5 h6 17. Bxf5 gxf5 18. Ne6 Nxe6 19. dxe6 d5 20. Qb3 f4 21. Nc2
Qb6 22. Ra3 Qxe6 23. Qxb7 c4 24. f3 a5 25. Re1 Qd6 26. Nd4 Rfb8 27. Nb5 Qc5+
0-1

[Event "Andorra open"]
[Site "Escaldes"]
[Date "2018.07.21"]
[Round "1.13"]
[White "Pena Gomez, Manuel"]
[Black "Gallego Terris, Rafael"]
[Result "1-0"]
[WhiteElo "2475"]
[BlackElo "1910"]
[PlyCount "67"]
[EventDate "2018.07.21"]
[EventType "swiss"]
[EventCountry "AND"]

1. c4 g6 2. g3 Bg7 3. Bg2 d6 4. Nc3 e5 5. d3 Nc6 6. Rb1 Nf6 7. b4 O-O 8. b5 Ne7
9. Nf3 Nh5 10. O-O f5 11. d4 e4 12. Ne1 Be6 13. f3 f4 14. g4 e3 15. gxh5 Nf5
16. d5 Bxc3 17. dxe6 Qg5 18. e7 Nxe7 19. Qd3 Bxe1 20. Rxe1 Qh4 21. Bb2 Rf5 22.
Qc3 Re5 23. c5 Nd5 24. Qd4 Rae8 25. cxd6 cxd6 26. Kh1 Nf6 27. h3 Nxh5 28. Qxd6
Rg5 29. Qd7 Ng3+ 30. Kg1 Nxe2+ 31. Rxe2 Re7 32. Qc8+ Kf7 33. Qc4+ Ke8 34. Qg8+
1-0

[Event "Andorra open"]
[Site "Escaldes"]
[Date "2018.07.21"]
[Round "1.14"]
[White "Ferre Fornos, J. Enric"]
[Black "Narciso Dublan, Marc"]
[Result "0-1"]
[WhiteElo "1902"]
[BlackElo "2466"]
[PlyCount "62"]
[EventDate "2018.07.21"]
[EventType "swiss"]
[EventCountry "AND"]

1. d4 f5 2. Bf4 Nf6 3. e3 e6 4. Nf3 b6 5. Be2 Bb7 6. Nbd2 Nc6 7. O-O Ne7 8. h3
Ng6 9. Bh2 Bd6 10. Ne5 Bxe5 11. Bxe5 O-O 12. Bxf6 Qxf6 13. f4 d6 14. Bf3 c6 15.
c3 e5 16. g3 e4 17. Be2 Ne7 18. c4 c5 19. Nb3 g5 20. Kh2 Kh8 21. Rg1 Rg8 22.
Qd2 Rg6 23. Raf1 Rag8 24. Bh5 Rh6 25. g4 Ba6 26. Qc3 d5 27. Nd2 cxd4 28. exd4
gxf4 29. Rxf4 Rxh5 30. gxh5 Rxg1 31. Kxg1 Qg5+ 0-1

[Event "Andorra open"]
[Site "Escaldes"]
[Date "2018.07.21"]
[Round "1.15"]
[White "Fluvia Poyatos, Jordi"]
[Black "Wesslen, Ulf"]
[Result "1-0"]
[WhiteElo "2436"]
[BlackElo "1895"]
[PlyCount "51"]
[EventDate "2018.07.21"]
[EventType "swiss"]
[EventCountry "AND"]

1. e4 e6 2. d3 c5 3. Nf3 Qc7 4. g3 Nc6 5. Bg2 Be7 6. O-O Nf6 7. Re1 d6 8. c3
O-O 9. d4 d5 10. exd5 Nxd5 11. c4 Nf6 12. dxc5 Rd8 13. Qe2 Bxc5 14. Nc3 a6 15.
Bg5 Be7 16. Bxf6 gxf6 17. Rad1 Qa5 18. a3 e5 19. Nd5 Be6 20. Nh4 f5 21. Qh5 Rd6
22. Nxf5 Bxf5 23. Qxf5 Re6 24. Be4 Rg6 25. Qf3 Rh6 26. b4 1-0

[Event "Andorra open"]
[Site "Escaldes"]
[Date "2018.07.21"]
[Round "1.16"]
[White "Picatoste Verdejo, Sergio"]
[Black "Aloma Vidal, Roberto"]
[Result "0-1"]
[WhiteElo "1893"]
[BlackElo "2433"]
[PlyCount "86"]
[EventDate "2018.07.21"]
[EventType "swiss"]
[EventCountry "AND"]

1. e4 c5 2. Nc3 a6 3. a4 e6 4. g3 d5 5. Bg2 d4 6. Nb1 d3 7. cxd3 Nc6 8. Nf3
Qxd3 9. Qe2 Nb4 10. Qxd3 Nxd3+ 11. Ke2 c4 12. Nc3 Bc5 13. Rf1 Ne7 14. b3 Nxc1+
15. Rfxc1 cxb3 16. Rcb1 Nc6 17. Rxb3 e5 18. Nd5 O-O 19. Rc1 Ba7 20. Ke1 Rb8 21.
Rb2 h6 22. Rcb1 Re8 23. Ng1 Bd4 24. Rc2 Bg4 25. h3 Bd7 26. Ne2 Ba7 27. Rcb2 Na5
28. Nec3 Bd4 29. Bf1 Rbc8 30. Rb4 Be6 31. g4 Kf8 32. f3 Red8 33. Be2 g6 34. Bd1
Kg7 35. Be2 h5 36. Bf1 Rh8 37. Bg2 Kh6 38. Ke2 Bc5 39. R4b2 Kg5 40. Kd3 Rhd8
41. Ke2 Kh4 42. Kf1 Bd4 43. Rb4 Nc4 0-1

[Event "Andorra open"]
[Site "Escaldes"]
[Date "2018.07.21"]
[Round "1.17"]
[White "Jerez Perez, Alfonso"]
[Black "Beshukov, Aslan"]
[Result "1-0"]
[WhiteElo "2423"]
[BlackElo "1877"]
[PlyCount "43"]
[EventDate "2018.07.21"]
[EventType "swiss"]
[EventCountry "AND"]

1. e4 d5 2. exd5 Nf6 3. d4 Bg4 4. Nf3 Qxd5 5. Be2 Nc6 6. Be3 e6 7. h3 Bh5 8.
Nbd2 Be7 9. O-O O-O 10. c4 Qd7 11. Qb3 b6 12. Rfe1 Bg6 13. Rad1 a5 14. a3 a4
15. Qc3 Rfd8 16. Ne5 Nxe5 17. dxe5 Ne8 18. Bf3 Rac8 19. Nb3 axb3 20. Rxd7 Rxd7
21. Rd1 Rxd1+ 22. Bxd1 1-0

[Event "Andorra open"]
[Site "Escaldes"]
[Date "2018.07.21"]
[Round "1.18"]
[White "Viljanen, Jouko"]
[Black "Beshukov, Sergei"]
[Result "0-1"]
[WhiteElo "1867"]
[BlackElo "2417"]
[PlyCount "74"]
[EventDate "2018.07.21"]
[EventType "swiss"]
[EventCountry "AND"]

1. d4 d5 2. c4 c6 3. Nc3 Nf6 4. cxd5 cxd5 5. Nf3 Nc6 6. Bf4 a6 7. e3 Qb6 8. Qb3
Qxb3 9. axb3 Bf5 10. Rc1 e6 11. Be2 h6 12. O-O Be7 13. Ne5 Na5 14. Bd1 Rc8 15.
Ra1 Nc6 16. f3 O-O 17. g4 Bh7 18. g5 Nh5 19. gxh6 Nxf4 20. exf4 Nxd4 21. Kh1
gxh6 22. Rg1+ Kh8 23. Rg3 Nc6 24. Be2 Nxe5 25. fxe5 Bg5 26. Re1 Bd2 27. Rd1 Bf4
28. Rh3 Bf5 29. Rh4 Bxe5 30. Bd3 Bxd3 31. Rxd3 Kh7 32. f4 Bf6 33. Rhh3 Rg8 34.
f5 d4 35. fxe6 dxc3 36. exf7 Rgf8 37. bxc3 Rxf7 0-1

[Event "Andorra open"]
[Site "Escaldes"]
[Date "2018.07.21"]
[Round "1.19"]
[White "Ruiz Castillo, Joshua Daniel"]
[Black "Brehier, William"]
[Result "1-0"]
[WhiteElo "2410"]
[BlackElo "1866"]
[PlyCount "61"]
[EventDate "2018.07.21"]
[EventType "swiss"]
[EventCountry "AND"]

1. e4 c5 2. Nf3 e6 3. d4 cxd4 4. Nxd4 a6 5. Nd2 d5 6. e5 Nc6 7. Nxc6 bxc6 8.
Bd3 Ne7 9. O-O Qc7 10. Re1 Ng6 11. Nf3 Be7 12. g3 Bb7 13. h4 c5 14. h5 Nf8 15.
c4 Nd7 16. cxd5 Bxd5 17. Be4 Nb6 18. Bxd5 Nxd5 19. Qa4+ Qd7 20. Qg4 g6 21. Bh6
Qb7 22. b3 Qb4 23. Re4 Qc3 24. Rae1 Rb8 25. Bd2 Qd3 26. Kg2 Qc2 27. Ra4 Qd3 28.
Rh1 Qf5 29. hxg6 Qxg4 30. gxf7+ Kxf7 31. Rxg4 1-0